ბათუმის შოთა რუსთაველის სახელმწიფო უნივერსიტეტის ბიბლიოთეკა

პირისპირ. ტ.1. წ.1-2 (ბიბ.ჩანაწერი № 48492)

000 -LEADER
fixed length control field 00606nam a2200217Ia 4500
001 - CONTROL NUMBER
control field 15387
003 - CONTROL NUMBER IDENTIFIER
control field GE_BSU
008 - FIXED-LENGTH DATA ELEMENTS--GENERAL INFORMATION
fixed length control field 181216s||||||||xx |||||||||||||| ||und||
040 ## - CATALOGING SOURCE
Transcribing agency GE_BSU
080 ## - UNIVERSAL DECIMAL CLASSIFICATION NUMBER
Universal Decimal Classification number 821.353.1-31
100 ## - MAIN ENTRY--PERSONAL NAME
Personal name ქუთათელი, ა.
245 ## - TITLE STATEMENT
Title პირისპირ. ტ.1. წ.1-2
245 ## - TITLE STATEMENT
Remainder of title რომანი 2 ტომად
260 ## - PUBLICATION, DISTRIBUTION, ETC.
Place of publication, distribution, etc. თბილისი
260 ## - PUBLICATION, DISTRIBUTION, ETC.
Name of publisher, distributor, etc. საბჭ. საქართველო
260 ## - PUBLICATION, DISTRIBUTION, ETC.
Date of publication, distribution, etc. 1960
300 ## - PHYSICAL DESCRIPTION
Extent 599გვ.23სმ.
653 ## - INDEX TERM--UNCONTROLLED
Uncontrolled term პირისპირ
653 ## - INDEX TERM--UNCONTROLLED
Uncontrolled term რომანი.
942 ## - ADDED ENTRY ELEMENTS (KOHA)
Koha item type წიგნი
ეგზემპლარები
Withdrawn status Lost status Damaged status Not for loan Date acquired Barcode Date last seen Price effective from Koha item type
        2018-12-17 37796 2018-12-17 2018-12-17 წიგნი
        2018-12-17 37797 2018-12-17 2018-12-17 წიგნი